Państwa Europy "wyższe" od Polski - Statystyki

Ogólne statystyki
  • Ten quiz został rozwiązany 25 razy
  • Średni wynik to 33 z 42
Statystyki odpowiedzi
Zagadnienie Odpowiedź % Poprawnych
Białoruś Nie
100%
Holandia Nie
100%
Litwa Nie
100%
Łotwa Nie
100%
Watykan Nie
100%
Wielka Brytania Nie
100%
Austria Tak
100%
Szwajcaria Tak
100%
Belgia Nie
95%
Dania Nie
95%
Estonia Nie
95%
Irlandia Nie
95%
Malta Nie
95%
Monako Nie
95%
San Marino Nie
95%
Francja Tak
95%
Słowacja Tak
95%
Włochy Tak
95%
Mołdawia Nie
90%
Węgry Nie
90%
Hiszpania Tak
90%
Niemcy Tak
90%
Ukraina Nie
86%
Serbia Nie
81%
Andora Tak
81%
Finlandia Nie
76%
Portugalia Nie
76%
Słowenia Tak
76%
Bośnia i Hercegowina Nie
71%
Chorwacja Nie
71%
Czechy Nie
71%
Islandia Nie
71%
Grecja Tak
67%
Szwecja Nie
62%
Lichtenstein Tak
57%
Czarnogóra Tak
52%
Bułgaria Tak
48%
Rumunia Tak
48%
Albania Tak
43%
Macedonia Północna Tak
38%
Norwegia Nie
33%
Kosowo Tak
24%
Nie znaleziono quizów pasujących do podanych kryteriów
Rozkład punktacji
Procent ludzi z każdym wynikiem
Percentyl według liczby udzielonych odpowiedzi
Twoja historia wyników
Nie rozwiązałeś tego quizu